An introduction to corrosion and protection of metals / (Record no. 615211)

000 -LEADER
fixed length control field 01042pam a2200325 a 4500
001 - CONTROL NUMBER
control field 4259753
005 - DATE AND TIME OF LATEST TRANSACTION
control field 20251020125439.0
008 - FIXED-LENGTH DATA ELEMENTS--GENERAL INFORMATION
fixed length control field 840706s1985 enka b 001 0 eng
010 ## - LIBRARY OF CONGRESS CONTROL NUMBER
LC control number 84015553
020 ## - INTERNATIONAL STANDARD BOOK NUMBER
International Standard Book Number 0412260409
020 ## - INTERNATIONAL STANDARD BOOK NUMBER
International Standard Book Number 0412260506
Qualifying information pbk.
020 ## - INTERNATIONAL STANDARD BOOK NUMBER
International Standard Book Number 9780412260407
020 ## - INTERNATIONAL STANDARD BOOK NUMBER
International Standard Book Number 9780412260506
Qualifying information (pbk.)
035 ## - SYSTEM CONTROL NUMBER
System control number 4259753
040 ## - CATALOGING SOURCE
Original cataloging agency DLC
Transcribing agency DLC
Modifying agency DLC
082 00 - DEWEY DECIMAL CLASSIFICATION NUMBER
Classification number 620.1
Author Mark W939 A
100 1# - MAIN ENTRY--PERSONAL NAME
Personal name Wranglén, Gösta.
9 (RLIN) 131257
245 13 - TITLE STATEMENT
Title An introduction to corrosion and protection of metals /
Statement of responsibility, etc. Gösta Wranglén.
260 ## - PUBLICATION, DISTRIBUTION, ETC.
Place of publication, distribution, etc. London ;
-- New York :
Name of publisher, distributor, etc. Chapman and Hall,
Date of publication, distribution, etc. 1985.
300 ## - PHYSICAL DESCRIPTION
Extent xvi, 288 p. :
Other physical details ill. ;
Dimensions 24 cm.
336 ## - CONTENT TYPE
Content type term text
Content type code txt
Source rdacontent
337 ## - MEDIA TYPE
Media type term unmediated
Media type code n
Source rdamedia
338 ## - CARRIER TYPE
Carrier type term volume
Carrier type code nc
Source rdacarrier
500 ## - GENERAL NOTE
General note Includes index.
504 ## - BIBLIOGRAPHY, ETC. NOTE
Bibliography, etc. note Bibliography: p. 276-277.
650 #0 - SUBJECT ADDED ENTRY--TOPICAL TERM
Topical term or geographic name entry element Corrosion and anti-corrosives.
9 (RLIN) 40953
906 ## - LOCAL DATA ELEMENT F, LDF (RLIN)
a 7
b cbc
c orignew
d 1
e ocip
f 19
g y-gencatlg
942 ## - ADDED ENTRY ELEMENTS (KOHA)
Source of classification or shelving scheme
Koha item type Book

No items available.

© 2023 Central Library, National University of Sciences and Technology. All Rights Reserved.